| 000 | 00544nam a2200229Ia 4500 | ||
|---|---|---|---|
| 003 | 0100 | ||
| 008 | 130303s9999 xx 000 0 und d | ||
| 040 | _cARRUPELIB | ||
| 050 | _aBJ1251.E413 1969 | ||
| 100 | _aEllul, Jacques | ||
| 245 | _aTo Will and To Do | ||
| 245 | _ban ethical research for christians | ||
| 260 | _aPhiladelphia | ||
| 260 | _bPilgrim Press | ||
| 260 | _C1969 | ||
| 300 | _aviii | ||
| 300 | _b 310p. 22cm. | ||
| 650 | _aETHICS | ||
| 650 | _bPhilosophy | ||
| 700 | _aHopkins , C Edward (tr.) | ||
| 942 | 0 | 0 | _01 |
| 999 |
_c35212 _d35212 |
||